000 00414 a2200181 4500
001 122143
020 _a9788541823609
040 _cEscola Canadense de Niteroi
100 _aOliveira, Carlos N.C. de
245 1 0 _aGeração Alpha: Matemática 8
250 _a3 ed
260 _aSão Paulo
300 _a304 p.
_bil.
362 0 _a2019
490 0 _aGeração Alpha
650 4 _aMatemática
942 _cBK
999 _c122143
_d122143